Brand Logos That Start with E - Statistics

General Stats
  • This quiz has been taken 4,113 times
  • The average score is 6 of 16
Answer Stats
Picture Answer % Correct
EA Sports
75%
Evian
71%
ESPN
65%
Emirates
59%
eBay
48%
Ecco
42%
Etsy
42%
Esprit
30%
Everlast
30%
Etihad
29%
Ellesse
18%
Electrolux
13%
Ericsson
11%
Estée Lauder
9%
Eastpak
8%
Escada
2%
No matching quizzes found
Score Distribution
Percent of People with Each Score
Percentile by Number Answered
Your Score History
You have not taken this quiz